Countries of the World in Spanish - Statistics

General Stats
  • This quiz has been taken 16,803 times
  • The average score is 96 of 196
Answers on the Map
Answers color-coded by a green-red scale on the quiz's map according to % correct below.
 
Answer Stats
País % Correct
México
94%
Canadá
93%
España
92%
Argentina
91%
Chile
90%
Estados Unidos
90%
Brasil
89%
China
88%
Colombia
88%
Francia
88%
Italia
88%
Perú
88%
Portugal
87%
Venezuela
86%
Bolivia
85%
Uruguay
85%
Australia
84%
Paraguay
84%
Rusia
84%
Alemania
83%
Cuba
83%
Ecuador
83%
India
82%
Japón
81%
Panamá
80%
Reino Unido
74%
El Salvador
73%
Honduras
73%
Costa Rica
72%
Grecia
72%
Guatemala
72%
Corea del Norte
70%
Finlandia
70%
Haití
70%
Irlanda
70%
Nicaragua
70%
Suecia
70%
Ucrania
70%
Corea del Sur
69%
Egipto
69%
Madagascar
69%
Mongolia
69%
Polonia
69%
República Dominicana
68%
Guyana
67%
Irán
67%
Noruega
67%
Suiza
67%
Islandia
66%
Austria
65%
Dinamarca
65%
Marruecos
64%
Países Bajos
64%
Sudáfrica
64%
Turquía
64%
Bélgica
63%
República Democrática del Congo
63%
Surinam
63%
Indonesia
62%
Níger
62%
Estonia
61%
Israel
61%
Jamaica
61%
Pakistán
60%
Nueva Zelanda
58%
Croacia
57%
Irak
57%
Lituania
57%
Vietnam
57%
Rumania
56%
Sudán
55%
Albania
54%
Filipinas
54%
Nigeria
54%
Afganistán
53%
Arabia Saudita
53%
Bahamas
53%
Bielorrusia
53%
Guinea
53%
Serbia
53%
Yemen
53%
Andorra
52%
Bulgaria
52%
Nepal
52%
Tailandia
52%
Argelia
50%
Belice
50%
Letonia
50%
Omán
50%
Somalia
50%
Chad
49%
República Checa
49%
Hungría
48%
Angola
47%
Eslovaquia
47%
Montenegro
47%
República de Macedonia
47%
Eslovenia
46%
Etiopía
46%
Libia
46%
Luxemburgo
46%
Taiwán
46%
Armenia
45%
Emiratos Árabes Unidos
45%
Kazajistán
45%
Laos
45%
Malta
45%
Senegal
45%
Siria
45%
Georgia
44%
Malí
44%
Sri Lanka
44%
Chipre
43%
Bangladés
42%
Ghana
42%
Kenia
42%
Uzbekistán
42%
Catar
41%
Dominica
41%
Kosovo
41%
Mónaco
41%
Malasia
40%
Moldavia
40%
Sudán del Sur
40%
San Marino
39%
Tanzania
39%
Túnez
39%
Mozambique
38%
Papua Nueva Guinea
38%
Mauritania
37%
Trinidad y Tobago
37%
Barbados
36%
Camerún
36%
Jordania
36%
Turkmenistán
36%
Uganda
36%
Bosnia y Herzegovina
35%
Zambia
35%
Bután
34%
Ciudad del Vaticano
34%
Guinea Ecuatorial
34%
Líbano
34%
Myanmar
34%
Cabo Verde
33%
Namibia
33%
Togo
32%
Camboya
31%
Eritrea
31%
Liberia
31%
Singapur
31%
Costa de Marfil
30%
Gabón
30%
Antigua y Barbuda
29%
Granada
29%
Lesoto
29%
Liechtenstein
29%
Burkina Faso
28%
Guinea-Bissau
28%
Kuwait
28%
Zimbabue
28%
Azerbaiyán
27%
Benín
27%
Estados Federados de Micronesia
27%
República Centroafricana
27%
República del Congo
27%
Santa Lucía
27%
Botsuana
26%
Burundi
26%
Gambia
26%
Maldivas
26%
Ruanda
25%
Fiyi
24%
Kirguistán
24%
Seychelles
23%
Kiribati
22%
Mauricio
22%
Samoa
22%
Sierra Leona
22%
Tonga
22%
Tuvalu
22%
Brunéi
21%
Islas Marshall
21%
Tayikistán
21%
Nauru
19%
San Vicente y las Granadinas
19%
Vanuatu
19%
Baréin
17%
Malaui
17%
Islas Salomón
16%
Palaos
15%
Suazilandia
15%
Yibuti
15%
San Cristóbal y Nieves
14%
Timor Oriental
14%
Santo Tomé y Príncipe
13%
Comoras
12%
No matching quizzes found
Score Distribution
Percent of People with Each Score
Percentile by Number Answered
Your Score History
You have not taken this quiz